Регионална библиотека "Любен Каравелов" - Русе

Съкровищата в градовете на маите (Запис номер 17177)

MARC детайли
000 -Лидер
Контролно поле с фиксирана дължина nam a22 a 4500
003 - Код на организацията, давaща контролен номер
Контролно поле BLK
005 - Дата и час на последна редакция
Контролно поле 20220721081500.0
008 - Елементи от данни с фиксирана дължина
fixed length control field 180413b bul|||||r ||||||| ||bul||
040 ## - Източник на каталожния запис
Идентификатор на билиотеката - собственик на записа BLK
041 ## - Код за език
Код за езика на текст/звукозапис или на отделно заглавие Български
Код за езика КДБФ Български
080 ## - УДК
Текстов определител УДК Първобитно и примитивно изкуство (древно и съвременно)
УДК код - определител по УДК 7.031
УДК определител (72)
УДК - код + определител 7.031(72)
080 ## - УДК
Текстов определител УДК Археология. Праисторически паметници - вж 903
УДК код - определител по УДК 902
УДК определител (72)
УДК - код + определител 902(72)
100 1# - Редна дума - Автор
Автор Стингл, Милослав
Авторска отговорност първи автор
R(LIN) 124707
139 ## - Редно поле
Редна дума Стингъл, Милослав
Авторски знак Сти - С 76
245 10 - Сведения за заглавието
Заглавие Съкровищата в градовете на маите
Редно поле (дума) Милослав Стингл ; прев. от чеш. Николай Карелов.
257 ## - Страна на издаване
Страна на създаване/издаване Чехословакия
260 ## - Област на издателските данни
Място на издаване, разпространение и проч. Варна
Име на издателя, разпространителя и проч. Държ. изд.
Година на издаване 1972
Печатница Варна : Странджата
300 ## - Физическа характеристика
Страници 232 с.
Илюстрации и др. с ил.
Размери/Мащаб 22 см
380 ## - Жанр
Жанр Изкуство
500 ## - Общи забележки
Забележка Ориг. загл. Za poklady mayskych mest / Miloslav Stingl. - 15 100 тир.
650 #4 - Допълнително описание по предмет – тема
Основно описание – тема или топоним Маи - история и култура
9 (RLIN) 261762
650 #4 - Допълнително описание по предмет – тема
Основно описание – тема или топоним Археологически паметници - Мексико
9 (RLIN) 261763
651 #4 - Допълнително описание по предмет - топоним
Географско понятие Мексико
9 (RLIN) 179210
653 ## - Ключова дума – ненормативна
Ключова дума маи
653 ## - Ключова дума – ненормативна
Ключова дума древни култури
653 ## - Ключова дума – ненормативна
Ключова дума археологически паметници
653 ## - Ключова дума – ненормативна
Ключова дума Мексико
700 1# - Други автори (авторска отговорност)
Лично име Карелов, Николай
Автороска отговорност (Описва отношението между автора и произведението) прев. от чеш.
9 (RLIN) 77082
700 1# - Други автори (авторска отговорност)
Лично име Стингъл, Милослав
9 (RLIN) 261761
852 ## - Местоположение
Форматна сигнатура Цб 65594
Фондова буква Хранилище
856 4# - Електронен адрес и достъп
Електронен формат pdf - файл
Път до файла /url/
856 4# - Електронен адрес и достъп
Електронен формат pdf - файл
Път до файла /url/
999 ## - СИСТЕМНИ КОНТРОЛНИ НОМЕРА
Koha biblionumber 17177
Koha biblioitemnumber 17177
942 ## - АРТИКУЛИ
Вид на библиотечния материал Книги
Скрит в OPAC Не
Периодичен библиозапис Да
944 ## - СЪЗДАВАНЕ И РЕДАКЦИЯ на ЗАПИСА
Създаване/Редакция Създаване
Дата на регистрацията/редакция 10.02.2005
Статус, дата на статуса ф /
Служител, извършил регистрацията/редакцията Геновева_Генчева
944 ## - СЪЗДАВАНЕ И РЕДАКЦИЯ на ЗАПИСА
Създаване/Редакция Редакция
Дата на регистрацията/редакция 2022-07-21
Служител, извършил регистрацията/редакцията Кети
999 ## - СИСТЕМНИ КОНТРОЛНИ НОМЕРА
Koha biblioitemnumber 17177
Наличности
Код за отписване Код за изгубен артикул Източник на класификационната схема Код за повреда Коз за рестрикции Код за отдаване Артикулен № Име на библиотеката - собственик Име на библиотеката, в която се намира в момента Статус (Текущо местоположение) Дата на вписване в системата Местоположение - отдел Цена в лева Инвентарен номер Систематично азбучна сигнатура Баркод Номер на екземпляра Цена в евро Служебна бележка Служебен тип на артикула
  Не е изгубен Universal Decimal Classification Не е повреден само за читалня ползва се в читалня 29008 Регионална библиотека "Любен Каравелов" Русе Регионална библиотека "Любен Каравелов" Русе Хранилище 1972-01-01 Хранилище 2.16 128493 Цб 65594 120000128493 1 1.10 Дост: Dp Вид: Д N: стар фонд Дата: 01.01.1972 Книги
Изтеглен Не е изгубен Universal Decimal Classification Не е повреден без рестрикции заемане за дома 29009 Регионална библиотека "Любен Каравелов" Русе Регионална библиотека "Любен Каравелов" Русе Отдел Изкуство - подръчен фонд 1972-01-01 Отдел Изкуство - подръчен фонд 2.16 127587 7.03/С 76 127587 2 1.10 Дост: Pk Вид: Ф N: стар фонд Дата: 01.01.1972 Дата инв: 11.02.2015 Бележки инв: ИП2015 Книги
Изтеглен Не е изгубен Universal Decimal Classification Не е повреден без рестрикции заемане за дома 29010 Регионална библиотека "Любен Каравелов" Русе Регионална библиотека "Любен Каравелов" Русе Отдел Изкуство - подръчен фонд 1972-01-01 Отдел Изкуство - подръчен фонд 2.16 643227 7.03/С 76 643227 3 1.10 Дост: Pk Вид: Ф N: стар фонд Дата: 01.01.1972 Дата инв: 06.06.2012 Бележки инв: Книги
  Не е изгубен Universal Decimal Classification Не е повреден без рестрикции заемане за дома 29011 Регионална библиотека "Любен Каравелов" Русе Регионална библиотека "Любен Каравелов" Русе Отдел Изкуство - подръчен фонд 2015-11-30 Отдел Изкуство - подръчен фонд 12.00 120000795133 7.03/С 76 120000795133 4 6.14 Дост: DA Вид: А N: 24 Дата: 30.11.2015 Книги
Vip Innovations Ltd, Rousse, Bulgaria 2025